000
00283nam a2200121 a 4500
005
20141022142002.0
008
080930s19uu xx 00 eng d
050
_a
AVM
245
_a
World war II collection: road to war.
650
_a
DVD.
650
_a
Road to war.
942
_c
AVM
999
_c
276317
_d
276317